Black issues book review

Bibliographic Details
Format: Unknown
Language:English
Published: Fairfax, VA : Cox, Matthews and Associates
Subjects:
Online Access:Acceso restringido

MARC

LEADER 00000ny a22000003n 4500
005 20110511130317.0
006 s r p s 0 a0
007 cr cnu---m|a|a
008 981006c1999 vaubr1p o 0 a0eng c
010 |a 99113388   |a sn 98001297 
022 0 |a 1522-0524 
035 |a 2978  
040 |a EbpS  |d vLex 
082 0 0 |a 305.8996/073/005  |2 21 
090 |c 1667  |d 1667 
245 3 0 |a Black issues book review  |h [Recurso electrn̤ico] 
246 3 0 |a Black issues 
256 |a Servicio en ln̕ea 
260 |a Fairfax, VA :  |b Cox, Matthews and Associates 
310 |a Bimensual 
506 1 |a Contenido solo disponible en los productos indicados  |d vLex Global  |d vLex Global (Academic Edition, excluding Law Schools)  |d vLex Global (Academic Edition, Law Schools) 
650 0 4 |a Literatura norteamericana  |x Autores negros norteamericanos 
740 0 |a vLex Revista (Servicios en ln̕ea) 
843 |a Electrn̤ica. Cerrada. 
853 |8 1  |i (year)  |j (month)  |k (day) 
856 4 0 |z Acceso restringido  |u http://vlex.com/account/login_ip?fuente_id=2978  
942 |c REV 
999 0 |a African Americans  |v Book reviews  |v Periodicals. 
999 0 |a African Americans  |v Periodicals. 
999 0 |a African Americans  |v Periodicals. 
999 0 |a American literature  |v Book reviews  |v Periodicals.